| 000 | 00366nam a2200145Ia 4500 | ||
|---|---|---|---|
| 005 | 20250429015936.0 | ||
| 008 | 240331s9999 xx 000 0 und d | ||
| 082 |
_bKUR _a294 |
||
| 100 | _aGurudoss | ||
| 245 | 0 | _aHindu madhattai purinthukollungal | |
| 260 |
_aChennai _bKizhakku Pathippagam _c2004 |
||
| 300 | _a112 p ., | ||
| 500 | _aA book on Hinduism | ||
| 942 | _cL | ||
| 999 |
_c3570 _d3570 |
||